Posterior cantilevered all-ceramic resin-bonded fixed dental prosthesis: A minimally invasive solution for restoring posterior edentulous spaces illustrated by a chairside clinical case. (notice n° 1746399)
[ vue normale ]
| 000 -LEADER | |
|---|---|
| fixed length control field | 03041cam a2200265 4500500 |
| 005 - DATE AND TIME OF LATEST TRANSACTION | |
| control field | 20260322005206.0 |
| 041 ## - LANGUAGE CODE | |
| Language code of text/sound track or separate title | fre |
| 042 ## - AUTHENTICATION CODE | |
| Authentication code | dc |
| 100 10 - MAIN ENTRY--PERSONAL NAME | |
| Personal name | Caussin, Élisa |
| Relator term | author |
| 245 00 - TITLE STATEMENT | |
| Title | Posterior cantilevered all-ceramic resin-bonded fixed dental prosthesis: A minimally invasive solution for restoring posterior edentulous spaces illustrated by a chairside clinical case. |
| 260 ## - PUBLICATION, DISTRIBUTION, ETC. | |
| Date of publication, distribution, etc. | 2026.<br/> |
| 500 ## - GENERAL NOTE | |
| General note | 75 |
| 520 ## - SUMMARY, ETC. | |
| Summary, etc. | Introduction: While the anterior cantilevered resin-bonded fixed dental prosthesis (RBFDP) is now well established among orthodontists and general practitioners, the posterior cantilevered RBFDP has only more recently gained attention in the international literature. The aim of this article is to provide an overview of this therapeutic option and its rationale, based on an original chairside clinical case performed in a single session. Materials and Method: A clinical case involving a 20-year-old female patient is presented. The patient exhibited a missing mandibular molar due to extraction following a vertical root fracture. A posterior cantilevered RBFDP was proposed and accepted. The restoration was designed as a monolithic stained and glazed 4Y-TZP zirconia with partial occlusal veneer preparation on abutment tooth. Tooth preparation was limited to the enamel. The intaglio surface of the prosthesis was sandblasted with 50 µm aluminum oxide and treated with a universal primer. The prosthesis was bonded under rubber dam isolation using preheated resin composite, following a strict light-curing protocol and a “no-finishing” approach. Clinical adjustments were made and postoperative occlusion was verified. Results: The single-visit restoration demonstrated good aesthetic and functional integration at follow-up. The key steps in fabricating a posterior cantilevered RBFDP are illustrated and discussed. Discussion: Through the simple, systematic, and reproducible approach proposed in this article, the posterior cantilever RBFDP emerges as a reliable therapeutic option. Although the chairside approach is less commonly used, it can enhance treatment efficiency and patient comfort. Conclusion: This innovative treatment strategy is of particular interest to orthodontists and general practitioners, especially for patients in whom implant therapy is contraindicated or undesirable, such as younger individuals. It also holds value for the general population once the implant alternative has been discussed. |
| 700 10 - ADDED ENTRY--PERSONAL NAME | |
| Personal name | Grich, Lina |
| Relator term | author |
| 700 10 - ADDED ENTRY--PERSONAL NAME | |
| Personal name | Smail, Yasmine |
| Relator term | author |
| 700 10 - ADDED ENTRY--PERSONAL NAME | |
| Personal name | Dursun, Elisabeth |
| Relator term | author |
| 700 10 - ADDED ENTRY--PERSONAL NAME | |
| Personal name | Grand, Émilie |
| Relator term | author |
| 700 10 - ADDED ENTRY--PERSONAL NAME | |
| Personal name | Ceinos, Romain |
| Relator term | author |
| 700 10 - ADDED ENTRY--PERSONAL NAME | |
| Personal name | Gosselin, Sophie |
| Relator term | author |
| 700 10 - ADDED ENTRY--PERSONAL NAME | |
| Personal name | Attal, Jean-Pierre |
| Relator term | author |
| 700 10 - ADDED ENTRY--PERSONAL NAME | |
| Personal name | Moussally, Christian |
| Relator term | author |
| 700 10 - ADDED ENTRY--PERSONAL NAME | |
| Personal name | François, Philippe |
| Relator term | author |
| 786 0# - DATA SOURCE ENTRY | |
| Note | L'Orthodontie Française | 96 | 4 | 2026-03-03 | p. 413-425 | 1966-5202 |
| 856 41 - ELECTRONIC LOCATION AND ACCESS | |
| Uniform Resource Identifier | <a href="https://stm.cairn.info/journal-lorthodontie-francaise-2025-4-page-413?lang=en&redirect-ssocas=7080">https://stm.cairn.info/journal-lorthodontie-francaise-2025-4-page-413?lang=en&redirect-ssocas=7080</a> |
Pas d'exemplaire disponible.




Réseaux sociaux